[Event "Torneo Zonale femminile"]
[Site "Saint Vincent - Chatillon ITA"]
[Date "1999.05.26"]
[Round "8"]
[White "Milligan Scott, Helen"]
[Black "Sziva, Erika"]
[Result "0-1"]
[WhiteElo "2054"]
[BlackElo "2332"]
[PlyCount "92"]
[EventDate "1999.05.19"]

1. d4 Nf6 2. Nf3 g6 3. Nc3 Bg7 4. e4 c6 5. Be3 d5 6. e5 Ng4 7. Bd3 Nxe3 8. fxe3
O-O 9. Ne2 f6 10. exf6 exf6 11. O-O Qe7 12. Ng3 Qxe3+ 13. Kh1 Qe7 14. Qd2 Nd7
15. Rae1 Qd8 16. c4 dxc4 17. Bxc4+ Kh8 18. Qb4 a5 19. Qd6 Nb6 20. Qxd8 Rxd8 21.
Be6 Bxe6 22. Rxe6 Nd5 23. Rfe1 Bf8 24. Ne4 Kg7 25. Nc5 Bxc5 26. dxc5 Kf7 27.
Nd2 Re8 28. Rxe8 Rxe8 29. Rxe8 Kxe8 30. Nc4 a4 31. Nd6+ Kd7 32. Nxb7 Nb4 33.
Nd6 Nxa2 34. Ne4 Ke6 35. Kg1 Ke5 36. Nd2 Kd4 37. Kf2 Nb4 38. Ke2 Na6 39. Nf3+
Kxc5 40. Kd3 Kd5 41. Ne1 c5 42. Nf3 Nb4+ 43. Kc3 Nc6 44. Ne1 Ne5 45. Nc2 Ke4
46. Kd2 f5 0-1

[Event "Torneo Zonale femminile"]
[Site "Saint Vincent - Chatillon ITA"]
[Date "1999.05.26"]
[Round "8"]
[White "Nepeina Leconte, Maria"]
[Black "Houska, Jovanka"]
[Result "1/2-1/2"]
[WhiteElo "2315"]
[BlackElo "2286"]
[PlyCount "51"]
[EventDate "1999.05.19"]

1. e4 c6 2. d3 d5 3. Nd2 e5 4. Ngf3 Bd6 5. Be2 Nf6 6. c3 O-O 7. Qc2 a5 8. a4
Re8 9. O-O Na6 10. Re1 Nc5 11. Bf1 Qc7 12. exd5 cxd5 13. d4 exd4 14. Rxe8+ Nxe8
15. cxd4 Ne6 16. Qxc7 N8xc7 17. Nb1 Bd7 18. Nc3 Bb4 19. Be3 Bxc3 20. bxc3 b5
21. Ne5 Be8 22. axb5 Nxb5 23. c4 dxc4 24. d5 Nec7 25. Nxc4 Nxd5 26. Rxa5
1/2-1/2

[Event "Torneo Zonale femminile"]
[Site "Saint Vincent - Chatillon ITA"]
[Date "1999.05.26"]
[Round "8"]
[White "Regan, Natasha K."]
[Black "Sirletti, Sonia"]
[Result "1-0"]
[WhiteElo "2151"]
[BlackElo "1795"]
[PlyCount "55"]
[EventDate "1999.05.19"]

1. e4 e6 2. d4 d5 3. Nc3 dxe4 4. Nxe4 Bd7 5. Nf3 Bc6 6. Bd3 Nd7 7. c4 Ngf6 8.
Nc3 Bxf3 9. Qxf3 c6 10. O-O Be7 11. Be3 O-O 12. Rad1 Rc8 13. Bf4 Re8 14. Rfe1
Bb4 15. Bb1 g6 16. a3 Bf8 17. Bg5 Be7 18. Bc1 Bd6 19. Ne4 Nxe4 20. Rxe4 Nf6 21.
Rh4 Nh5 22. Qg4 Nf6 23. Qh3 Be7 24. Qf3 Nd7 25. Rxh7 Kxh7 26. Qxf7+ Kh8 27.
Bxg6 Nf6 28. Rd3 1-0

[Event "Torneo Zonale femminile"]
[Site "Saint Vincent - Chatillon ITA"]
[Date "1999.05.26"]
[Round "8"]
[White "Sebag, Marie"]
[Black "Agosto, Erika"]
[Result "1-0"]
[WhiteElo "2053"]
[BlackElo "2024"]
[PlyCount "117"]
[EventDate "1999.05.19"]

1. e4 e5 2. Nf3 Nc6 3. Bb5 a6 4. Ba4 d6 5. c3 Nf6 6. d4 b5 7. Bc2 Be7 8. Nbd2
O-O 9. h3 Re8 10. O-O Bb7 11. Re1 Bf8 12. d5 Nb8 13. Nf1 Nbd7 14. Bg5 c5 15.
Ne3 Qc7 16. Nf5 h6 17. Bc1 Kh7 18. Qd2 Nb6 19. Nh2 Bc8 20. Ng4 Nxg4 21. hxg4 g5
22. g3 Bxf5 23. gxf5 Bg7 24. Kg2 Bf6 25. Rh1 Kg7 26. Qe2 Rh8 27. Qg4 Kf8 28.
Rh5 Nd7 29. Qh3 Bg7 30. Bxg5 Rb8 31. Bxh6 Bxh6 32. Rxh6 Rxh6 33. Qxh6+ Ke7 34.
Qg5+ Nf6 35. Rh1 Rg8 36. Qc1 Qb6 37. f3 Qd8 38. a4 Qa5 39. Qd1 Rb8 40. axb5
Qxb5 41. b3 c4 42. b4 a5 43. Ba4 Qb6 44. b5 Qe3 45. Qe1 Qc5 46. g4 Qa3 47. Qa1
Qxa1 48. Rxa1 Nd7 49. Kg3 Nc5 50. g5 Nd3 51. Rh1 Rg8 52. f6+ Kd8 53. Rh7 Nc5
54. Rxf7 Nxa4 55. Kg4 Nb6 56. Rb7 Nd7 57. f7 Rf8 58. g6 Kc8 59. Rxd7 1-0

[Event "Torneo Zonale femminile"]
[Site "Saint Vincent - Chatillon ITA"]
[Date "1999.05.27"]
[Round "9"]
[White "Agosto, Erika"]
[Black "Regan, Natasha K."]
[Result "1/2-1/2"]
[WhiteElo "2024"]
[BlackElo "2151"]
[PlyCount "98"]
[EventDate "1999.05.19"]

1. e4 Nf6 2. Nc3 d5 3. exd5 Nxd5 4. Bc4 c6 5. Qf3 Nf6 6. h3 Nbd7 7. Qe2 Nb6 8.
Bb3 Bf5 9. d3 e6 10. Nf3 Bd6 11. Ne4 Be7 12. Bf4 a5 13. a4 Nbd5 14. Bh2 O-O 15.
O-O Bg6 16. Rad1 Nd7 17. Nfd2 Kh8 18. Rfe1 e5 19. Nf3 f6 20. Nh4 Bf7 21. Nf5
Nc5 22. Nxe7 Qxe7 23. Nxc5 Qxc5 24. Bxd5 Bxd5 25. Kh1 Qb6 26. b3 Qd4 27. Bg1 b5
28. f3 Qb4 29. axb5 cxb5 30. d4 Rfe8 31. Qd3 exd4 32. Rxe8+ Rxe8 33. Qxd4 Qxd4
34. Bxd4 Bc6 35. Bc5 Kg8 36. Rd6 Rc8 37. Bb6 a4 38. bxa4 bxa4 39. Rd8+ Rxd8 40.
Bxd8 Kf7 41. Ba5 Bb5 42. Bc3 Ke6 43. Kg1 Kd5 44. Kf2 Kc4 45. Bb2 Kb4 46. Ke3 a3
47. Ba1 Ba4 48. Kd3 Bb5+ 49. Ke3 Ba4 1/2-1/2

[Event "Torneo Zonale femminile"]
[Site "Saint Vincent - Chatillon ITA"]
[Date "1999.05.27"]
[Round "9"]
[White "Bosboom-Lanchava, Tea"]
[Black "Sebag, Marie"]
[Result "1/2-1/2"]
[WhiteElo "2261"]
[BlackElo "2053"]
[PlyCount "117"]
[EventDate "1999.05.19"]

1. d4 Nf6 2. c4 c5 3. d5 b5 4. Nf3 g6 5. Qc2 bxc4 6. e4 e6 7. dxe6 fxe6 8. Bg5
Be7 9. Bxc4 d5 10. exd5 exd5 11. Bb5+ Nfd7 12. Qe2 Kf7 13. Qd2 Bb7 14. O-O Re8
15. Nc3 d4 16. Bc4+ Kg7 17. Bh6+ Kh8 18. Ng5 Bxg5 19. Bxg5 Qa5 20. Qf4 Qb6 21.
Qf7 Rf8 22. Qe7 dxc3 23. Rad1 cxb2 24. Be6 Nc6 25. Qxd7 Nd4 26. Rxd4 b1=Q 27.
Rxb1 Qxb1+ 28. Rd1 Qb2 29. Qd2 Qe5 30. Re1 Qd4 31. Qc2 Ba6 32. Be3 Qf6 33. Qxc5
Rad8 34. h3 Bc8 35. Bg5 Qd4 36. Qxd4+ Rxd4 37. Bxc8 Rd5 38. Be3 Rxc8 39. Bxa7
Rd7 40. Be3 Ra8 41. Re2 Kg8 42. Bc5 Kf7 43. a3 Re8 44. Ra2 Rd1+ 45. Kh2 Ree1
46. Bb4 Ra1 47. Rd2 Rad1 48. Rc2 Rc1 49. Rxc1 Rxc1 50. Kg3 Rc4 51. Kf3 Ke6 52.
Bd2 Rd4 53. Ke3 Rc4 54. g3 Kd5 55. f4 Rc2 56. Bb4 Rb2 57. Kf3 h5 58. f5 gxf5
59. Kf4 1/2-1/2

[Event "Torneo Zonale femminile"]
[Site "Saint Vincent - Chatillon ITA"]
[Date "1999.05.27"]
[Round "9"]
[White "Carvalho, Alda"]
[Black "Jap Tjoen San, Linda"]
[Result "1/2-1/2"]
[WhiteElo "2104"]
[BlackElo "2233"]
[PlyCount "81"]
[EventDate "1999.05.19"]

1. e4 a6 2. d4 b5 3. a4 Bb7 4. f3 b4 5. c4 g6 6. Bd3 Bg7 7. Ne2 e6 8. a5 Ne7 9.
Qb3 c5 10. dxc5 Nbc6 11. Be3 Rb8 12. Bf4 e5 13. Bd2 O-O 14. O-O Nxa5 15. Qxb4
Nac6 16. Qa3 f5 17. Nbc3 Nd4 18. Nxd4 exd4 19. Nd5 Nc6 20. exf5 gxf5 21. Rfe1
Be5 22. Bf4 Bxf4 23. Nxf4 Qg5 24. Nd5 a5 25. f4 Qg7 26. Bf1 Ba8 27. Re2 d3 28.
Rf2 Nb4 29. Nxb4 Rxb4 30. Bxd3 Rfb8 31. Bxf5 Rxb2 32. Ra2 R2b3 33. Qxa5 Bc6 34.
Qd2 Qf7 35. Qc2 Qe7 36. Ra1 Rb2 37. Qc3 Qxc5 38. Qg3+ Kh8 39. Qc3+ Kg8 40. Qg3+
Kh8 41. Qc3+ 1/2-1/2

[Event "Torneo Zonale femminile"]
[Site "Saint Vincent - Chatillon ITA"]
[Date "1999.05.27"]
[Round "9"]
[White "Houska, Jovanka"]
[Black "Calzetta Ruiz, Monica"]
[Result "0-1"]
[WhiteElo "2286"]
[BlackElo "2158"]
[PlyCount "116"]
[EventDate "1999.05.19"]

1. e4 c5 2. Nc3 g6 3. g3 Bg7 4. d3 Nc6 5. Be3 d6 6. Qd2 Rb8 7. Bg2 b5 8. Nge2
b4 9. Nd1 Nd4 10. O-O e6 11. Nc1 Qa5 12. c3 bxc3 13. bxc3 Nc6 14. Bf4 e5 15.
Be3 Nge7 16. Nb2 Be6 17. Nc4 Qc7 18. Ne2 O-O 19. Rab1 Bxc4 20. dxc4 Na5 21. Qd3
Rxb1 22. Rxb1 Rb8 23. Rxb8+ Qxb8 24. Bh3 Bf8 25. f4 Nec6 26. Bf1 Qb2 27. Nc1
exf4 28. gxf4 h5 29. Qd2 Qb8 30. Qg2 Bg7 31. Qc2 Qc8 32. h3 Qe6 33. Qd3 Ne7 34.
Nb3 Nac6 35. Bg2 Qf6 36. Bd2 a5 37. Na1 Bh6 38. Qf1 Kh7 39. Nc2 a4 40. Qc1 Bg7
41. Ne3 Qxf4 42. Nf5 Qe5 43. Nxg7 Qxg7 44. Qd1 Ne5 45. Qxa4 Qf6 46. Qd1 Nxc4
47. Be1 Nc6 48. Qe2 N6e5 49. Bg3 Qg5 50. Kh2 h4 51. Be1 Qf4+ 52. Kg1 g5 53. a4
Kg7 54. a5 Nxa5 55. Bd2 Qg3 56. Qh5 f6 57. Qd1 Nac4 58. Be1 Qxg2+ 0-1

[Event "Torneo Zonale femminile"]
[Site "Saint Vincent - Chatillon ITA"]
[Date "1999.05.27"]
[Round "9"]
[White "Nepeina Leconte, Maria"]
[Black "Berend, Elvira S."]
[Result "1-0"]
[WhiteElo "2315"]
[BlackElo "2340"]
[PlyCount "87"]
[EventDate "1999.05.19"]

1. e4 c5 2. Nf3 e6 3. d4 cxd4 4. Nxd4 Nc6 5. Nc3 a6 6. g3 Qc7 7. Nb3 Nf6 8. Bg2
Be7 9. O-O d6 10. a4 O-O 11. a5 Re8 12. Be3 Nd7 13. Na4 Nce5 14. Nb6 Rb8 15.
Nd2 Nf6 16. h3 d5 17. Bf4 Bd6 18. Bg5 dxe4 19. Bxf6 gxf6 20. Nxe4 Be7 21. Qh5
Kg7 22. f4 Ng6 23. Rad1 f5 24. Nc3 Qc5+ 25. Kh1 Qxa5 26. Nc4 Qc7 27. Ne3 b5 28.
Ne2 Bb7 29. g4 Bxg2+ 30. Nxg2 fxg4 31. hxg4 Qxc2 32. Nd4 Qe4 33. g5 Kh8 34. f5
exf5 35. Nxf5 Bf8 36. Rd7 Qc4 37. Nfe3 Rxe3 38. Rfxf7 Bg7 39. Rxg7 Qf1+ 40. Kh2
Qxg2+ 41. Kxg2 Nf4+ 42. Kf2 Nxh5 43. Rxh7+ Kg8 44. Kxe3 1-0

[Event "Torneo Zonale femminile"]
[Site "Saint Vincent - Chatillon ITA"]
[Date "1999.05.27"]
[Round "9"]
[White "Nicoara Etchegaray, Malina"]
[Black "Milligan Scott, Helen"]
[Result "1/2-1/2"]
[WhiteElo "2245"]
[BlackElo "2054"]
[PlyCount "75"]
[EventDate "1999.05.19"]

1. d4 Nf6 2. c4 e6 3. Nc3 Bb4 4. Qc2 O-O 5. a3 Bxc3+ 6. Qxc3 b6 7. Bg5 Bb7 8.
e3 d6 9. f3 Nbd7 10. Bd3 c5 11. Ne2 h6 12. Bh4 Rc8 13. b4 d5 14. cxd5 Nxd5 15.
Bxd8 Nxc3 16. Be7 Rfe8 17. Nxc3 cxd4 18. Nb5 Rxe7 19. exd4 e5 20. Kd2 exd4 21.
Nd6 Rb8 22. Nf5 Ree8 23. Bb5 Red8 24. Nxd4 Nc5 25. Ke3 Rxd4 26. Kxd4 Nb3+ 27.
Kc3 Nxa1 28. Rxa1 Rd8 29. Re1 Kf8 30. Re2 Bd5 31. f4 Be6 32. g3 Bg4 33. Re5 f6
34. Re1 Bf5 35. Ba6 Rd6 36. Bb5 Rd8 37. Ba6 Rd6 38. Bb5 1/2-1/2

[Event "Torneo Zonale femminile"]
[Site "Saint Vincent - Chatillon ITA"]
[Date "1999.05.27"]
[Round "9"]
[White "Sirletti, Sonia"]
[Black "Garcia Vicente, Nieves"]
[Result "0-1"]
[WhiteElo "1795"]
[BlackElo "2263"]
[PlyCount "64"]
[EventDate "1999.05.19"]

1. d4 d5 2. c4 e6 3. Nc3 c5 4. cxd5 exd5 5. Nf3 Nc6 6. g3 c4 7. Bg2 Bb4 8. O-O
Nge7 9. Bg5 O-O 10. Bxe7 Nxe7 11. e3 Qa5 12. Qc1 Bf5 13. Ng5 Rad8 14. Nh3 b5
15. a3 Bxc3 16. Qxc3 Qxc3 17. bxc3 a5 18. Nf4 g5 19. Ne2 Rd6 20. Ra2 Rb8 21.
Rfa1 Kg7 22. h3 Rh6 23. Kh2 Kf8 24. Ng1 Ke8 25. g4 Bxg4 26. Kg3 Bf5 27. Nf3 Be4
28. Rb2 Rhb6 29. Kh2 f6 30. Nd2 Bxg2 31. Kxg2 b4 32. axb4 axb4 0-1

[Event "Torneo Zonale femminile"]
[Site "Saint Vincent - Chatillon ITA"]
[Date "1999.05.27"]
[Round "9"]
[White "Sziva, Erika"]
[Black "Lauterbach, Ingrid"]
[Result "0-1"]
[WhiteElo "2332"]
[BlackElo "2171"]
[PlyCount "76"]
[EventDate "1999.05.19"]

1. e4 d6 2. d4 Nf6 3. Nc3 g6 4. f4 Bg7 5. Nf3 c5 6. dxc5 Qa5 7. Bd3 Qxc5 8. Qe2
O-O 9. Be3 Qa5 10. O-O Bg4 11. Qe1 Nc6 12. Nd2 Bd7 13. Kh1 Nb4 14. h3 Nxd3 15.
cxd3 Bc6 16. f5 e6 17. Qh4 exf5 18. exf5 Nh5 19. f6 Rfe8 20. Nde4 d5 21. Rf5
Qd8 22. Rxh5 dxe4 23. Rxh7 Bxf6 24. Bg5 Bxg5 25. Rh8+ Kg7 26. Qh7+ Kf6 27. Rf1+
Ke5 28. d4+ Kd6 29. Rxf7 Rg8 30. d5 Bxd5 31. Nxd5 Rxh8 32. Qxg6+ Kxd5 33. Rf5+
Kd4 34. Qg7+ Ke3 35. Rxg5 Rc8 36. Rg3+ Kf2 37. Qg4 Rh4 38. Qg6 Qd1+ 0-1

[Event "Torneo Zonale femminile"]
[Site "Saint Vincent - Chatillon ITA"]
[Date "1999.05.27"]
[Round "9"]
[White "Vilar Lopez, Monica"]
[Black "Fittante, Giuliana"]
[Result "1/2-1/2"]
[WhiteElo "2175"]
[BlackElo "2059"]
[PlyCount "60"]
[EventDate "1999.05.19"]

1. e4 e5 2. Nf3 Nf6 3. Nxe5 d6 4. Nf3 Nxe4 5. Be2 Be7 6. O-O O-O 7. d4 d5 8. c4
b6 9. Nc3 Nf6 10. Ne5 Bb7 11. Bf3 a6 12. b3 Ra7 13. Bb2 c6 14. Re1 Ba8 15. Rc1
Nbd7 16. a3 Bd6 17. Rc2 c5 18. Nxd5 Nxd5 19. cxd5 cxd4 20. Nc6 Bxc6 21. dxc6
Ne5 22. Be4 Re7 23. Qxd4 f6 24. b4 Nf7 25. Rd1 Rxe4 26. Qxe4 Bxh2+ 27. Kxh2
Qxd1 28. c7 Qh5+ 29. Kg1 Qd1+ 30. Kh2 Qh5+ 1/2-1/2

[Event "XXXI C.to Italiano a squadre A1 Finali"]
[Site "Potenza ITA"]
[Date "1999.05.16"]
[Round "2"]
[White "Iotti, Pierluigi"]
[Black "Efimov, Igor"]
[Result "0-1"]
[WhiteElo "2318"]
[BlackElo "2494"]
[PlyCount "78"]
[EventDate "1999.05.15"]

1. d4 e6 2. c4 c5 3. d5 exd5 4. cxd5 d6 5. Nc3 g6 6. e4 Bg7 7. Be2 Ne7 8. Nf3
O-O 9. O-O a6 10. a4 Bg4 11. Nd2 Bxe2 12. Qxe2 Nd7 13. Nc4 Ne5 14. Ne3 f5 15.
f4 Nf7 16. exf5 Nxf5 17. Nxf5 gxf5 18. Bd2 Re8 19. Qd3 Qf6 20. Rfe1 Nh6 21. g3
Ng4 22. Kg2 Qh6 23. Rxe8+ Rxe8 24. Rh1 Qh3+ 25. Kxh3 Nf2+ 26. Kg2 Nxd3 27. b3
Bxc3 28. Bxc3 Re2+ 29. Kf3 Rc2 30. Ba5 Nf2 31. Rb1 Ng4 32. Be1 Rxh2 33. a5 Ra2
34. b4 Ra3+ 35. Ke2 c4 36. Rc1 Re3+ 37. Kd2 Re4 38. Kc3 Ne3 39. Bf2 Nxd5+ 0-1

[Event "III Festival"]
[Site "Salsomaggiore Terme ITA"]
[Date "1999.05.06"]
[Round "1"]
[White "Bertino, Paolo"]
[Black "Salami, Marco"]
[Result "1-0"]
[WhiteElo "1888"]
[BlackElo "2220"]
[PlyCount "59"]
[EventDate "1999.05.06"]

1.d4 b5 2.Nf3 Bb7 3.g3 Nf6 4.Bg2 e6 5.O-O c5 6.c3 cxd4 7.cxd4 Nc6 8.Bg5 
Be7 9.Nc3 Qb6 10.d5 Na5 11.Be3 Bc5 12.Nd4 O-O 13.b4 Bxb4 14.Nc6 Qc7 15.
Nxb5 Qc8 16.Nxb4 Qc4 17.Qa4 Nxd5 18.Qxa5 Nxe3 19.Bxb7 Nxf1 20.Rxf1 Rab8 
21.Na3 Qxe2 22.Qxa7 Qb2 23.Rb1 Qc3 24.Nb5 Qd2 25.a4 f5 26.a5 f4 27.a6 fxg3
28.hxg3 Qe2 29.Nd6 Qd2 30.Qc5 1-0

[Event "III Festival"]
[Site "Salsomaggiore Terme ITA"]
[Date "1999.05.06"]
[Round "1"]
[White "Collutiis, Duilio"]
[Black "Komarov, Dimitri"]
[Result "0-1"]
[WhiteElo "2196"]
[BlackElo "2588"]
[PlyCount "54"]
[EventDate "1999.05.06"]

1.e4 c5 2.Nc3 Nc6 3.f4 e6 4.Nf3 d5 5.Bb5 d4 6.Nb1 Ne7 7.O-O a6 8.Bxc6+ 
Nxc6 9.d3 Be7 10.Nbd2 b5 11.b3 O-O 12.a3 f5 13.Qe2 Bb7 14.Bb2 Qd7 15.Rae1 
Rae8 16.g3 Bd6 17.e5 Bc7 18.h3 Ne7 19.Qh2 Nd5 20.Rf2 Ba5 21.Ra1 Bb6 22.Ne1
Ne3 23.Nf1 c4 24.Bc1 cxb3 25.cxb3 Qd5 26.Rb1 Rc8 27.Bd2 Rc3 0-1

[Event "III Festival"]
[Site "Salsomaggiore Terme ITA"]
[Date "1999.05.06"]
[Round "1"]
[White "De Santis, Alessio"]
[Black "Lapiccirella, Mattia"]
[Result "1-0"]
[WhiteElo "2356"]
[BlackElo "2077"]
[PlyCount "115"]
[EventDate "1999.05.06"]

1.d4 Nf6 2.c4 g6 3.Nc3 Bg7 4.e4 d6 5.Be2 O-O 6.Bg5 c5 7.d5 e6 8.Nf3 Na6 9.
O-O h6 10.Bf4 exd5 11.cxd5 Nc7 12.Nd2 Re8 13.a4 b6 14.Bg3 Rb8 15.f4 a6 16.
Re1 b5 17.Bf3 Bb7 18.Qc2 Nd7 19.axb5 axb5 20.Ra7 Bd4+ 21.Kh1 c4 22.Rxb7 
Rxb7 23.e5 Nc5 24.Nde4 Nd3 25.Rd1 dxe5 26.fxe5 Bxe5 27.d6 Ne6 28.Bxe5 Nxe5
29.Nd5 f5 30.Nef6+ Kf7 31.Nxe8 Nxf3 32.gxf3 Kxe8 33.Qd2 Kf7 34.Ne7 Rxe7 
35.dxe7 Qxd2 36.Rxd2 Kxe7 37.Kg1 Nc7 38.Kf2 Ke6 39.Ke3 Ke5 40.f4+ Ke6 41.
Kd4 Kd6 42.Rg2 Ne6+ 43.Ke3 g5 44.Rd2+ Kc6 45.fxg5 hxg5 46.Rf2 f4+ 47.Ke4 
Nc5+ 48.Kf5 Nd3 49.Rf1 Nxb2 50.Kxg5 Nd3 51.h4 c3 52.h5 c2 53.h6 f3 54.h7 
f2 55.h8=Q c1=Q+ 56.Rxc1+ Nxc1 57.Qc3+ Kd5 58.Qxc1 1-0

[Event "III Festival"]
[Site "Salsomaggiore Terme ITA"]
[Date "1999.05.06"]
[Round "1"]
[White "Everet, Alexandro"]
[Black "Barbafiera, Luigi"]
[Result "1-0"]
[WhiteElo "2253"]
[BlackElo "1909"]
[PlyCount "35"]
[EventDate "1999.05.06"]

1.d4 Nf6 2.c4 c5 3.d5 b5 4.cxb5 a6 5.e3 g6 6.Nc3 Bg7 7.bxa6 Bxa6 8.Bxa6 
Nxa6 9.Nge2 O-O 10.O-O d6 11.e4 Qb6 12.Rb1 Rfb8 13.a3 Ng4 14.Bg5 Ra7 15.h3
Ne5 16.b4 Rd7 17.bxc5 Qxc5 18.Qa4 1-0

[Event "III Festival"]
[Site "Salsomaggiore Terme ITA"]
[Date "1999.05.06"]
[Round "1"]
[White "Fercec, Nenad"]
[Black "Barberi, Alessandro"]
[Result "1/2-1/2"]
[WhiteElo "2495"]
[BlackElo "2163"]
[PlyCount "84"]
[EventDate "1999.05.06"]

1.e4 c5 2.Nf3 d6 3.d4 cxd4 4.Nxd4 Nf6 5.Nc3 g6 6.Be3 Bg7 7.f3 O-O 8.Qd2 
Nc6 9.Bc4 Bd7 10.h4 Ne5 11.Bb3 h5 12.O-O-O Rc8 13.Bg5 Nc4 14.Qd3 Ne5 15.
Qe2 Nh7 16.Be3 Re8 17.Kb1 a6 18.f4 Bg4 19.Nf3 Nd7 20.f5 gxf5 21.exf5 Qa5 
22.Nd5 Bxf5 23.Ng5 Bg4 24.Qf2 Nxg5 25.hxg5 Bxd1 26.Rxd1 e6 27.Rf1 Ne5 28.
Bd4 exd5 29.Bxe5 Rc7 30.Bxg7 Kxg7 31.a3 Re6 32.Qd4+ Re5 33.Ka2 Qc5 34.Qf4 
Re6 35.Qh4 Qb5 36.Rf3 a5 37.a4 Rc4 38.Rxf7+ Kg6 39.Qf2 Rxa4+ 40.Kb1 Re1+ 
41.Qxe1 Kxf7 42.Qf2+ Ke8 1/2-1/2

[Event "III Festival"]
[Site "Salsomaggiore Terme ITA"]
[Date "1999.05.06"]
[Round "1"]
[White "Lagumina, Giulio"]
[Black "Rigo, Gianfrancesco"]
[Result "1-0"]
[WhiteElo "2282"]
[BlackElo "2022"]
[PlyCount "65"]
[EventDate "1999.05.06"]

1.d4 e6 2.c4 f5 3.g3 Nf6 4.Bg2 d5 5.Nh3 c6 6.O-O Bd6 7.Qc2 O-O 8.Bf4 Bxf4 
9.Nxf4 g5 10.Nd3 Qe8 11.Nd2 Nbd7 12.Nf3 Ne4 13.Nfe5 Ndf6 14.f3 Nd6 15.c5 
Nf7 16.e4 Nd7 17.exf5 Nfxe5 18.dxe5 Rxf5 19.Bh3 Rf7 20.f4 gxf4 21.Nxf4 Nf8
22.Bg4 Qe7 23.Nh5 Rxf1+ 24.Rxf1 Bd7 25.Nf6+ Kh8 26.Bh5 Qg7 27.Rf4 Qh6 28.
Rg4 Qe3+ 29.Kg2 Ng6 30.Bxg6 Rf8 31.Bh5 Rxf6 32.exf6 e5 33.f7 1-0

[Event "III Festival"]
[Site "Salsomaggiore Terme ITA"]
[Date "1999.05.06"]
[Round "1"]
[White "Mrdja, Milan"]
[Black "Digiugno, Franco"]
[Result "1-0"]
[WhiteElo "2410"]
[BlackElo "2135"]
[PlyCount "63"]
[EventDate "1999.05.06"]

1.e4 e5 2.Nf3 Nc6 3.Bb5 Nd4 4.Nxd4 exd4 5.O-O Bc5 6.d3 c6 7.Ba4 d6 8.Nd2 
Be6 9.f4 b5 10.Bb3 Bxb3 11.axb3 Ne7 12.f5 O-O 13.f6 Ng6 14.fxg7 Kxg7 15.
Qf3 Ne5 16.Qh3 Qg5 17.Nf3 Qg6 18.Nh4 Qg4 19.Bh6+ Kh8 20.Qxg4 Nxg4 21.Bxf8 
Rxf8 22.Nf5 Ne3 23.Rf2 Ng4 24.Re2 Re8 25.b4 Bxb4 26.Rxa7 d5 27.Rxf7 Ra8 
28.Ng3 Kg8 29.Rf1 Ne3 30.Rb1 Bd6 31.Nf5 Bf8 32.Nxd4 1-0

[Event "III Festival"]
[Site "Salsomaggiore Terme ITA"]
[Date "1999.05.06"]
[Round "1"]
[White "Natalucci, Fabrizio"]
[Black "Bonetti, Marco"]
[Result "1-0"]
[WhiteElo "2225"]
[BlackElo "1902"]
[PlyCount "57"]
[EventDate "1999.05.06"]

1.d4 Nf6 2.Nf3 d5 3.c4 c6 4.Nc3 Bf5 5.cxd5 Nxd5 6.Qb3 Qb6 7.Qxb6 Nxb6 8.e4
Bg6 9.Ne5 e6 10.d5 exd5 11.exd5 Bb4 12.dxc6 Nxc6 13.Nxg6 hxg6 14.Bd2 O-O-O
15.O-O-O Ne5 16.Bf4 Ng4 17.Bg3 Rxd1+ 18.Kxd1 Rd8+ 19.Kc2 Nd5 20.Bc4 Bxc3 
21.bxc3 g5 22.Re1 Nc7 23.f3 Nf6 24.h4 Rd7 25.Bf2 b5 26.Bb3 a5 27.a4 Kb7 
28.axb5 Nxb5 29.Ba4 1-0

[Event "III Festival"]
[Site "Salsomaggiore Terme ITA"]
[Date "1999.05.06"]
[Round "1"]
[White "Pegoraro, Nicola"]
[Black "Vezzosi, Paolo"]
[Result "1/2-1/2"]
[WhiteElo "2072"]
[BlackElo "2339"]
[PlyCount "82"]
[EventDate "1999.05.06"]

1.e4 e6 2.d4 d5 3.e5 c5 4.c3 Nc6 5.Be3 Nh6 6.Nf3 Qb6 7.Qd2 Nf5 8.Be2 Bd7 
9.O-O Nxe3 10.fxe3 Be7 11.Na3 f6 12.exf6 Bxf6 13.Nc2 O-O 14.Kh1 Rad8 15.b4
cxb4 16.cxb4 Ne7 17.a4 Rc8 18.a5 Qc7 19.Bd3 Qc3 20.Qe2 g6 21.Rfb1 Qc7 22.
b5 Qd6 23.Nb4 g5 24.e4 g4 25.e5 gxf3 26.gxf3 Bxe5 27.dxe5 Qc7 28.Nc2 Nf5 
29.Ra4 Kh8 30.Rg4 Ne7 31.Rh4 Rf7 32.Rg1 Bxb5 33.Bxh7 Rxh7 34.Rxh7+ Kxh7 
35.Qg2 Nf5 36.Qg6+ Kh8 37.Rg5 Ng7 38.Qh6+ Kg8 39.Qxe6+ Kh8 40.Qh6+ Kg8 41.
Qe6+ Kh8 1/2-1/2

[Event "III Festival"]
[Site "Salsomaggiore Terme ITA"]
[Date "1999.05.06"]
[Round "1"]
[White "Prelati, Maurizio"]
[Black "Efimov, Igor"]
[Result "0-1"]
[WhiteElo "2155"]
[BlackElo "2494"]
[PlyCount "70"]
[EventDate "1999.05.06"]

1.e4 c5 2.d4 cxd4 3.c3 dxc3 4.Nxc3 d6 5.Bc4 e6 6.Nf3 a6 7.O-O Ne7 8.Bg5 h6
9.Bh4 Nbc6 10.Qe2 b5 11.Bb3 Qb6 12.Bg3 Ng6 13.Rfd1 Nce5 14.Nxe5 dxe5 15.a4
Be7 16.axb5 O-O 17.Bc4 a5 18.Na4 Qb7 19.Qg4 Kh7 20.h4 f5 21.exf5 exf5 22.
Qe2 f4 23.h5 fxg3 24.hxg6+ Kh8 25.fxg3 Rb8 26.Qxe5 Bg4 27.Rf1 Bf6 28.Qd6 
Rfd8 29.Rxf6 Rxd6 30.Rxd6 Qc7 31.Rc6 Qxg3 32.Rf1 Bd7 33.Rb6 Re8 34.Be6 
Qe3+ 35.Kh1 Bxe6 0-1

[Event "III Festival"]
[Site "Salsomaggiore Terme ITA"]
[Date "1999.05.06"]
[Round "1"]
[White "Sabatini, Carlo"]
[Black "Caposciutti, Maurizio"]
[Result "0-1"]
[WhiteElo "1950"]
[BlackElo "2273"]
[PlyCount "122"]
[EventDate "1999.05.06"]

1.d4 d6 2.c4 e5 3.dxe5 dxe5 4.Qxd8+ Kxd8 5.Nf3 f6 6.Nc3 c6 7.Bd2 Be6 8.e3 
Nd7 9.Be2 a5 10.O-O Nc5 11.Rfd1 Kc7 12.e4 g6 13.Be3 Nh6 14.h3 Nf7 15.Rac1 
b6 16.Ne1 Bh6 17.Bxh6 Nxh6 18.Nd3 Nxd3 19.Bxd3 Kb7 20.Ne2 Rhd8 21.Ng3 Nf7 
22.Be2 Kc7 23.Bg4 Rxd1+ 24.Rxd1 Rd8 25.Rxd8 Nxd8 26.Bxe6 Nxe6 27.Ne2 Kd6 
28.Nc3 Nc5 29.Kf1 Nd7 30.Na4 b5 31.cxb5 cxb5 32.Nc3 Kc5 33.Ke2 b4 34.Nd1 
Kd4 35.f3 f5 36.exf5 gxf5 37.g4 f4 38.h4 a4 39.Kd2 e4 40.fxe4 Ne5 41.Ke2 
Kxe4 42.Nf2+ Kd4 43.g5 f3+ 44.Kd2 Nc4+ 45.Kc2 Ke3 46.Ng4+ Kf4 47.Nf2 Kg3 
48.Ne4+ Kxh4 49.b3 Ne3+ 50.Kd3 axb3 51.axb3 Ng4 52.Nf6 Kg3 53.Nh5+ Kh4 54.
Nf6 Kxg5 55.Nxh7+ Kf4 56.Nf8 Nh2 57.Ng6+ Kg4 58.Ne5+ Kg5 59.Nxf3+ Nxf3 60.
Ke2 Kf4 61.Kf2 Nd4 0-1

[Event "III Festival"]
[Site "Salsomaggiore Terme ITA"]
[Date "1999.05.06"]
[Round "1"]
[White "Tencati, Giuseppe"]
[Black "Peric, Slavisa"]
[Result "1/2-1/2"]
[WhiteElo "2045"]
[BlackElo "2499"]
[PlyCount "109"]
[EventDate "1999.05.06"]

1.d4 d5 2.c4 dxc4 3.e4 c5 4.d5 Nf6 5.Nc3 b5 6.Nxb5 Nxe4 7.Bxc4 Nd6 8.Nxd6+
exd6 9.Nf3 Be7 10.b4 O-O 11.bxc5 Qa5+ 12.Bd2 Qxc5 13.Rc1 Bg4 14.O-O Nd7 
15.Qb3 Rab8 16.Qe3 Bf6 17.Bb3 Qa3 18.Qf4 Bxf3 19.Qxf3 Nc5 20.Bc4 Qa4 21.
Qd1 Qd7 22.Be3 Na4 23.Qd3 a5 24.Ba6 Nb2 25.Qa3 Rfd8 26.Rc6 a4 27.Bb6 Rf8 
28.Qxd6 Qf5 29.Qc5 Rfe8 30.d6 Qe6 31.Bc7 Ra8 32.Bb5 Rf8 33.Rb6 Qg4 34.Qd5 
Ra7 35.Rc6 a3 36.h3 Qh4 37.d7 Raa8 38.Re1 Qb4 39.Re4 Qxe4 40.Qxe4 Nd1 41.
Rxf6 Nc3 42.Qc4 Nxb5 43.Qxb5 gxf6 44.Qd5 Ra6 45.d8=Q Rxd8 46.Qxd8+ Kg7 47.
Qd3 Re6 48.Qxa3 h5 49.Bf4 Kg6 50.Qg3+ Kf5 51.a4 Re4 52.Be3 Rxa4 53.Qf3+ 
Ke5 54.Qxh5+ Ke6 55.Qc5 1/2-1/2

[Event "III Festival"]
[Site "Salsomaggiore Terme ITA"]
[Date "1999.05.06"]
[Round "1"]
[White "Timpani, Nicola"]
[Black "Voiska, Margarita"]
[Result "1/2-1/2"]
[WhiteElo "2110"]
[BlackElo "2364"]
[PlyCount "77"]
[EventDate "1999.05.06"]

1.d4 Nf6 2.Nf3 e6 3.Bg5 c5 4.e3 Be7 5.Nbd2 b6 6.Bd3 Bb7 7.O-O O-O 8.Qe2 d6
9.c3 a6 10.b4 Nbd7 11.bxc5 dxc5 12.Rab1 h6 13.Bh4 Nd5 14.Bxe7 Qxe7 15.Rfc1
e5 16.e4 Nf4 17.Qe3 Nxd3 18.Qxd3 Rfd8 19.d5 b5 20.a4 Rab8 21.axb5 axb5 22.
Qxb5 Bxd5 23.Qd3 Be6 24.Rxb8 Rxb8 25.Nc4 Bxc4 26.Qxc4 Rb2 27.Rd1 Nb6 28.
Qd3 Kh7 29.g3 c4 30.Qd6 Qxd6 31.Rxd6 Na4 32.Nxe5 Nxc3 33.Nxc4 Rb4 34.Ne3 
Nxe4 35.Rd7 Kg6 36.Kg2 Rb2 37.Nd1 Rd2 38.Rxd2 Nxd2 39.Nc3 1/2-1/2